| 000 | 00691nam a2200253Ia 4500 | ||
|---|---|---|---|
| 001 | Para_6700 | ||
| 003 | CHAP | ||
| 008 | 220125s1986 xx 000 0 und d | ||
| 010 | _a205469 | ||
| 040 | _cCHAP | ||
| 090 | _aPA FOLLETO 684 | ||
| 100 |
_aGómez Flores, Marco Antonio _949693 |
||
| 245 |
_aCultivos intercalados en caña de azúcar en México / _c por Marco Antonio Gómez Flores |
||
| 260 |
_aCordoba, Ver. : _b IMPA |
||
| 300 | _a11 p. | ||
| 650 |
_aSiembra múltiple _9137549 |
||
| 901 | _aPA FOLLETO 684 | ||
| 902 | _aA | ||
| 905 | _a0000001986 0000000000 00 | ||
| 910 | _a1986 | ||
| 942 | _cPARA | ||
| 942 |
_cPARA _d1 |
||
| 999 |
_c205469 _d205469 |
||